000 00449nam a2200193Ia 4500
005 20250603144627.0
008 250603s9999 xx 000 0 und d
020 _a9780071792813
050 _aRC 669.2 .T69/
100 _aToy, Eugene C.
245 0 _aCase files internal medicine
250 _a4th ed.
260 _aNew York
260 _bMcGraw Hill Medical
260 _c2013
300 _a560 p
650 _aNew York
942 _cBK
999 _c39475
_d39475